Why are they still standing? - Because we can't spoil the view (Record no. 68759)

MARC details
000 -LEADER
fixed length control field 01461cam a2200253 4500
001 - CONTROL NUMBER
control field ABS64651
008 - FIXED-LENGTH DATA ELEMENTS--GENERAL INFORMATION
fixed length control field 011102n2001 000 0 eng u
035 ## - SYSTEM CONTROL NUMBER
System control number (Sirsi) u115449
100 ## - MAIN ENTRY--PERSONAL NAME
Personal name Barrie, G
245 ## - TITLE STATEMENT
Title Why are they still standing? - Because we can't spoil the view
260 ## - PUBLICATION, DISTRIBUTION, ETC.
Date of publication, distribution, etc. 2001
490 ## - SERIES STATEMENT
Series statement Property Week
Volume/sequential designation 66(43) 26 October 2001, 10-12(3)
520 ## - SUMMARY, ETC.
Summary, etc. Reports on the rights to light row over the demolition of Marsham Street towers. The dispute is delaying government and developer plans to replace the towers with a new headquarters for the Home Office and a significant residential element. It is feared that once the project starts, surrounding residents will argue that their views will be destroyed and the amount of natural light available to their building restricted. While the Home Office claims there is no risk of a rights to light dispute because the Marsham Street site is on Crown land, the French group Bouygues is considering redesigning the building to avoid the possible costs of a rights to light case. In the meantime, other developers are concerned about the impact of the delays for other private financed projects.
590 ## - LOCAL NOTE (RLIN)
Local note ABS
650 ## - SUBJECT ADDED ENTRY--TOPICAL TERM
Topical term or geographic name entry element RIGHTS TO LIGHT
650 ## - SUBJECT ADDED ENTRY--TOPICAL TERM
Topical term or geographic name entry element HOME OFFICE
650 ## - SUBJECT ADDED ENTRY--TOPICAL TERM
Topical term or geographic name entry element PFI
650 ## - SUBJECT ADDED ENTRY--TOPICAL TERM
Topical term or geographic name entry element MARSHAM STREET
650 ## - SUBJECT ADDED ENTRY--TOPICAL TERM
Topical term or geographic name entry element BUILT ENVIRONMENT-CONSTRUCTION DESIGN
650 ## - SUBJECT ADDED ENTRY--TOPICAL TERM
Topical term or geographic name entry element DEMOLITION
650 ## - SUBJECT ADDED ENTRY--TOPICAL TERM
Topical term or geographic name entry element TOWER BLOCKS
690 ## - LOCAL SUBJECT ADDED ENTRY--TOPICAL TERM (OCLC, RLIN)
Topical term or geographic name as entry element PROPERTY-PROPERTY DEVELOPMENT
942 ## - ADDED ENTRY ELEMENTS (KOHA)
Suppress in OPAC 0
Holdings
Withdrawn status Lost status Source of classification or shelving scheme Damaged status Not for loan Home library Current library Shelving location Date acquired Total Checkouts Full call number Barcode Date last seen Copy number Price effective from Koha item type
    Dewey Decimal Classification     London London Journal article 02/11/2001   ABS64651 115449-1001 06/08/2019 1 06/08/2019 Journal article